| 000 | 00591cam a2200229ua 4500 | ||
|---|---|---|---|
| 020 | _cRs 30.00 | ||
| 041 |
_aeng _h |
||
| 082 |
_a621.43 _bSUR/QU |
||
| 100 | _aSurendra, Prasad . | ||
| 245 |
_aQuiz book on internal combustion engines and gas turbines / _cSurendra Prasad. _hTextual Documents |
||
| 250 |
_a1 / _b. |
||
| 260 |
_aNew Delhi : _bLaxmi Publications , _c1988. |
||
| 300 | _a327 ; . | ||
| 365 | _aRs 30.00 | ||
| 504 | _a | ||
| 942 | _cBK | ||
| 999 |
_c190 _d190 |
||